000 00431nam a2200181Ia 4500
005 20250603144446.0
008 250603s9999 xx 000 0 und d
020 _a9780984276004
050 _aQC 320 .F34/
100 _aFaghri, Amir.
245 0 _aAdvanced heat and mass transfer
260 _aColumbia, MO
260 _bGlobal Digital Press
260 _c2022
300 _a404 p
650 _aColumbia, MO
942 _cBK
999 _c38984
_d38984